The Silmarillion: Who married who? - Men - Statistics

General Stats
  • This quiz has been taken 31 times
  • The average score is 7 of 13
Answer Stats
Hint Answer % Correct
Beren Luthien
100%
Turin Niënor
96%
Hurin Morwen
92%
Tuor Idril
88%
Huor Rían
73%
Haldir Glóredhel
46%
Barahir Emeldir
42%
Agathor Meleth
31%
Belemir Adanel
27%
Handir Beldis
23%
Hador Lórindol Gildis
23%
Galdor Hareth
23%
Enthor Hiril
23%
No matching quizzes found
Score Distribution
Percent of People with Each Score
Percentile by Number Answered
Your Score History
You have not taken this quiz